000
00324pab a2200145 454500
008
180718b2005 xxu||||| |||| 00| 0 eng d
100
_a
Garg, R.B.L.
245
_a
Scourge of AIDS: new challenges
260
_c
2005
300
_a
p.24-25.
362
_a
Apr
650
_a
AIDS
773
_a
Social Welfare
909
_a
64665
999
_c
64665
_d
64665